000 00863nam a22002297a 4500
999 _c6314
_d6314
003 AR-CdUCM
008 190314b ||||| |||| 00| 0 spa d
040 _aMUNICIPALIDAD PROVINCIAL DEL CUSCO
_cBIBLIOTECA MUNICIPAL DEL CUSCO
082 _a869.56 /
_bV19
100 _aValencia Zegarra, Alfredo
_918086
245 _aPoemarios /
260 _aCusco :
_bTaller gráfico INC.
_c1995
300 _a120 páginas ;
_c21 cm.
505 _aContenido: Luna llena -- Andes -- Tarde florida -- Acróstico -- Rocío -- Cielo -- Crepúsculo -- Nuestro amigo el sol -- Viento -- La quena -- Monologo de la violeta -- Meditación...
650 _aPoesía cusqueña.
_92323
650 _aPoemas peruanos.
_91040
650 _aTradición oral
_92031
650 _aOfrenda.
_918087
700 _aInstituto nacional de Cultura.
_918088
942 _2ddc
_cLIBROS
945 _adavv